El fuego cuando te quema /

Alí Víquez nos ofrece su obra narrativa más ambiciosa y madura hasta la fecha. El Fuego cuando te quema es una novela filosófica con un matiz paródico que gira alrededor de personajes muy particulares (Perfecta Rosa del Alba, Inocencia del Alba, Rene Capoeira y Marcus Cíclicus), quienes a partir de...

Ausführliche Beschreibung

Gespeichert in:
Bibliographische Detailangaben
1. Verfasser: Víquez Jiménez, Alí 1966-
Format: Buch
Sprache:Spanish
Veröffentlicht: San José, Costa Rica: Editorial Universidad Estatal a Distancia, 2015.
Schlagworte:
Tags: Tag hinzufügen
Keine Tags, Fügen Sie den ersten Tag hinzu!

MARC

LEADER 00000nam a22000007a 4500
008 151002s2015 cr ac|||r|||| 000 f spa d
020 |a 9789968481281 
040 |a CIICLA-UCR 
041 |a spa 
082 |a CR863.4  |b V812f 
100 1 |a Víquez Jiménez, Alí  |d 1966- 
245 1 3 |a El fuego cuando te quema /  |c Alí Víquez 
260 |a San José, Costa Rica:  |b Editorial Universidad Estatal a Distancia,   |c 2015. 
300 |a 227 páginas:  |b ilustraciones a color 
520 |a Alí Víquez nos ofrece su obra narrativa más ambiciosa y madura hasta la fecha. El Fuego cuando te quema es una novela filosófica con un matiz paródico que gira alrededor de personajes muy particulares (Perfecta Rosa del Alba, Inocencia del Alba, Rene Capoeira y Marcus Cíclicus), quienes a partir de los manuscritos del sacerdote Martín de Entrambasaguas se enfrascan en discusiones sobre la religión, el sexo, la vida y la muerte, el bien y el amor. 
650 0 |9 13  |a LITERATURA COSTARRICENSE  |x NOVELA 
942 |2 ddc  |c BK 
999 |c 4512  |d 4512